Spell the Marvel Hero #74 - Statistics

General Stats
  • This quiz has been taken 12 times
  • The average score is 5 of 6
Answer Stats
Picture Answer % Correct
Invisible Woman
100%
Rescue
100%
Sersi
100%
Shuri
100%
Elsa Bloodstone
90%
Sabra
50%
No matching quizzes found
Score Distribution
Percent of People with Each Score
Percentile by Number Answered
Your Score History
You have not taken this quiz